00361nam a22001457a 450000500170000000800410001702000180005804100120007608200110008810000180009924500400011726000420015730000080019936500080020720230713150513.0230713b |||||||| |||| 00| 0 eng d a9789386341259 aEnglish a891.46 aMurphy Joseph aThe Power of Your Subconscious Mind aMumbaibGolden Minds Publishing House a260 b199